[Event "17. OIBM Bad Wiessee"]
[Site "Bad Wiessee"]
[Date "2013.10.28"]
[Round "4.17"]
[White "Weber, Ulrich"]
[Black "Smits, Mark"]
[Result "1-0"]
[WhiteElo "2423"]
[BlackElo "2163"]
[PlyCount "105"]
[EventDate "2013.??.??"]
[WhiteTeam "SV 1920 Hofheim"]
[BlackTeam "Paul Keres"]

1. c4 Nf6 2. g3 g6 3. Nc3 Bg7 4. Bg2 O-O 5. e4 d6 6. Nge2 e5 7. O-O Nc6 8. d3
a6 9. h3 b5 10. Bg5 h6 11. Be3 b4 12. Nd5 Nd7 13. Qd2 Kh7 14. Nxb4 Nxb4 15.
Qxb4 Rb8 16. Qd2 f5 17. exf5 gxf5 18. d4 f4 19. gxf4 Qh4 20. fxe5 dxe5 21. f4
exd4 22. Bxd4 Rg8 23. Rf3 Nf6 24. Qd3+ Kh8 25. Rg3 Be6 26. f5 Bf7 27. Rf1 Nh5
28. Rg4 Qd8 29. Bxg7+ Rxg7 30. Qc3 Qf6 31. Qxf6 Nxf6 32. Rxg7 Kxg7 33. b3 a5
34. Nd4 a4 35. Rf3 Ne4 36. Re3 Nd6 37. c5 axb3 38. axb3 Nb5 39. Nc6 Ra8 40. Ne5
Ra1+ 41. Kh2 Nd4 42. Rd3 Nxf5 43. Rd7 Kf6 44. Nxf7 Ra2 45. Kg1 Ra1+ 46. Bf1 Ne3
47. Kf2 Nxf1 48. Nxh6 Rb1 49. Ng4+ Ke6 50. Rd3 Nd2 51. Rxd2 Rxb3 52. Ne3 Ke5
53. Kf3 1-0

[Event "17. OIBM Bad Wiessee"]
[Site "Bad Wiessee"]
[Date "2013.10.28"]
[Round "4.18"]
[White "Xiong, Ferdinand"]
[Black "Bellia, Fabrizio"]
[Result "0-1"]
[WhiteElo "2102"]
[BlackElo "2421"]
[PlyCount "118"]
[EventDate "2013.??.??"]
[WhiteTeam "SC Vaterstetten"]

1. e4 e5 2. Nf3 Nc6 3. Bb5 a6 4. Ba4 Nf6 5. d3 b5 6. Bb3 Bc5 7. O-O d6 8. c3 h6
9. Nbd2 O-O 10. h3 Bb6 11. a4 Bb7 12. Re1 Ne7 13. Nf1 Ng6 14. Ng3 c5 15. d4
cxd4 16. cxd4 exd4 17. Nxd4 d5 18. Ndf5 Nxe4 19. Nxe4 dxe4 20. Nd6 Bxf2+ 21.
Kxf2 Qf6+ 22. Kg1 Rad8 23. Nxe4 Bxe4 24. Qh5 Bd3 25. axb5 Bxb5 26. Kh1 Rde8 27.
Be3 Qxb2 28. Rab1 Qc3 29. Qxg6 Rxe3 30. Rec1 Qe5 31. Qg4 Be2 32. Qd7 Bd3 33.
Bc2 Bxc2 34. Rxc2 Qe6 35. Qb7 Rd8 36. Qc7 Rd6 37. Qb7 Re1+ 38. Rxe1 Qxe1+ 39.
Kh2 Qe5+ 40. g3 g6 41. Rf2 Qd5 42. Qe7 Qe6 43. Qc7 h5 44. h4 Qd7 45. Qb8+ Kg7
46. Qb2+ Kh7 47. Qb4 Rd5 48. Qf8 Rd2 49. Rxd2 Qxd2+ 50. Kh3 Qd7+ 51. Kh2 a5 52.
Qa3 a4 53. Qa2 Kg8 54. Qg2 Qa7 55. Qe2 a3 56. Qa2 Qa8 57. Kg1 Qf3 58. Kh2 Qc3
59. Qd5 Qb2+ 0-1

[Event "17. OIBM Bad Wiessee"]
[Site "Bad Wiessee"]
[Date "2013.10.28"]
[Round "4.19"]
[White "Bach, Matthias"]
[Black "Romanov, Evgeny"]
[Result "0-1"]
[WhiteElo "2247"]
[BlackElo "2654"]
[PlyCount "72"]
[EventDate "2013.??.??"]
[WhiteTeam "Hamburger SK von 1830 eV"]
[BlackTeam "SF Katernberg 1913 e.V"]

1. c4 Nf6 2. g3 e5 3. Bg2 c6 4. Nf3 e4 5. Nd4 Qb6 6. Nb3 a5 7. d3 Bb4+ 8. Nc3
a4 9. Nd2 exd3 10. O-O O-O 11. exd3 Qa5 12. Nde4 Nxe4 13. dxe4 a3 14. Ne2 d6
15. Nf4 Nd7 16. b3 Ne5 17. h3 f5 18. Be3 Bd7 19. Nd3 Nxd3 20. Qxd3 Rae8 21. Kh2
fxe4 22. Bxe4 Qh5 23. Rh1 Kh8 24. Kg2 Rxe4 25. Qxe4 Bf5 26. Qe7 Re8 27. Qxb7
Be4+ 28. Kh2 Bc3 29. Rhg1 Bxa1 30. Rxa1 Qf3 31. Rg1 c5 32. Qc7 Bc6 33. h4 g5
34. Qxd6 Rxe3 35. fxe3 Qe2+ 36. Kh3 g4# 0-1

[Event "17. OIBM Bad Wiessee"]
[Site "Bad Wiessee"]
[Date "2013.10.28"]
[Round "4.20"]
[White "Nyzhnyk, Illya"]
[Black "Chetverik, Maxim"]
[Result "1-0"]
[WhiteElo "2625"]
[BlackElo "2244"]
[PlyCount "93"]
[EventDate "2013.??.??"]
[WhiteTeam "SG Porz e.V."]
[BlackTeam "Woronesh"]

1. d4 f5 2. g3 Nf6 3. Bg2 e6 4. Nf3 Be7 5. O-O O-O 6. b3 Ne4 7. Bb2 Bf6 8. Qc1
b6 9. c4 Bb7 10. Nc3 Nxc3 11. Bxc3 Be4 12. Qe3 Qe7 13. g4 Bxf3 14. Bxf3 Nc6 15.
gxf5 Bg5 16. Qe4 Rxf5 17. Bg2 Raf8 18. e3 Qf7 19. f4 Be7 20. Qd3 Qg6 21. Rf3
Qh6 22. Rh3 Rh5 23. Rxh5 Qxh5 24. Rf1 Bd6 25. Qd1 Qxd1 26. Rxd1 Ne7 27. Be4 c6
28. Kf2 g6 29. Ke2 Nf5 30. d5 exd5 31. cxd5 c5 32. a4 a5 33. Kd3 Be7 34. Bg2
Bf6 35. Bd2 Kf7 36. e4 Nd4 37. e5 Bd8 38. d6 Ke8 39. Bh3 Nxb3 40. Be3 Nd4 41.
Bxd4 cxd4 42. Ke4 b5 43. axb5 Bb6 44. Rc1 g5 45. f5 h5 46. e6 dxe6 47. Rc8+ 1-0

[Event "17. OIBM Bad Wiessee"]
[Site "Bad Wiessee"]
[Date "2013.10.28"]
[Round "4.22"]
[White "Prusikin, Michael"]
[Black "Nagel, Bernhard"]
[Result "1-0"]
[WhiteElo "2546"]
[BlackElo "2216"]
[PlyCount "69"]
[EventDate "2013.??.??"]
[WhiteTeam "TV Tegernsee"]
[BlackTeam "Wiesbadener SV 1885"]

1. Nf3 c5 2. e4 Nc6 3. Bb5 Nf6 4. Nc3 g6 5. e5 Ng4 6. Bxc6 dxc6 7. h3 Nh6 8. g4
Bg7 9. d3 f5 10. exf6 exf6 11. Qe2+ Qe7 12. Qxe7+ Kxe7 13. Be3 b6 14. O-O Re8
15. a4 a5 16. d4 cxd4 17. Bxd4 Rb8 18. Rfe1+ Kf8 19. Rxe8+ Kxe8 20. Ne4 Kf7 21.
Nd6+ Ke6 22. Nxc8 Rxc8 23. Bxb6 f5 24. Re1+ Kd6 25. Rd1+ Ke7 26. Bc5+ Ke8 27.
g5 Ng8 28. b3 Bc3 29. Rd3 Bb4 30. Re3+ Kd7 31. Ne5+ Kc7 32. Bxb4 axb4 33. Nd3
Rb8 34. Re6 Kd7 35. Nc5+ 1-0

[Event "17. OIBM Bad Wiessee"]
[Site "Bad Wiessee"]
[Date "2013.10.28"]
[Round "4.24"]
[White "Riedel, Holger"]
[Black "Bromberger, Stefan"]
[Result "0-1"]
[WhiteElo "2213"]
[BlackElo "2521"]
[PlyCount "124"]
[EventDate "2013.??.??"]
[WhiteTeam "SG Niederkassel"]
[BlackTeam "MSA Zugzwang 82 e.V."]

1. Nf3 Nf6 2. b4 e6 3. a3 b6 4. Bb2 Bb7 5. e3 Be7 6. Be2 O-O 7. O-O d6 8. c4
Nbd7 9. Nc3 c5 10. b5 Rc8 11. a4 d5 12. d3 Qc7 13. Qc2 Rfd8 14. a5 bxa5 15. e4
d4 16. Na4 a6 17. b6 Nxb6 18. Nxb6 Qxb6 19. Rfb1 Qc7 20. Qd2 Rb8 21. Rxa5 Bxe4
22. Rxa6 Bc6 23. Rba1 Ra8 24. Rxa8 Rxa8 25. Rxa8+ Bxa8 26. Ba3 Ng4 27. h3 Ne5
28. Nxe5 Qxe5 29. Qa5 Bb7 30. Bf3 Bxf3 31. gxf3 g6 32. Qa8+ Kg7 33. Qe4 Qg5+
34. Kf1 Qd2 35. Bxc5 Bxc5 36. Qe5+ Kh6 37. Qxc5 Qxd3+ 38. Kg2 g5 39. Qe5 Kg6
40. c5 Qc4 41. c6 Qxc6 42. Qxd4 Qd5 43. Qa4 Qf5 44. Qe8 Kh5 45. Qf8 Qf6 46. Qb4
Qf5 47. Qf8 h6 48. Qb4 e5 49. Qa4 Qe6 50. Qd1 Kh4 51. Qa4+ e4 52. fxe4 Qxh3+
53. Kg1 Qf3 54. Qc6 h5 55. Qd6 Qg4+ 56. Kf1 Kh3 57. Qd5 Qf3 58. Ke1 f6 59. Qd4
Kg2 60. e5 fxe5 61. Qd8 Qxf2+ 62. Kd1 Qd4+ 0-1

[Event "17. OIBM Bad Wiessee"]
[Site "Bad Wiessee"]
[Date "2013.10.28"]
[Round "4.25"]
[White "Bodach, Hans"]
[Black "Poetsch, Hagen"]
[Result "0-1"]
[WhiteElo "2199"]
[BlackElo "2472"]
[PlyCount "98"]
[EventDate "2013.??.??"]
[WhiteTeam "SV Dresden-Leuben"]
[BlackTeam "Sfr. Schöneck"]

1. e4 Nc6 2. Nf3 f5 3. exf5 d5 4. d4 Bxf5 5. Bd3 Bg4 6. h3 Bxf3 7. Qxf3 Nf6 8.
Bb5 e6 9. Qe2 Kf7 10. Bxc6 bxc6 11. O-O c5 12. Re1 Qd7 13. c3 Bd6 14. Be3 cxd4
15. cxd4 Rhe8 16. Qc2 e5 17. Nd2 e4 18. Rac1 Rab8 19. Nb3 Qa4 20. Qb1 Qb5 21.
Rc2 Nd7 22. Qd1 Kg8 23. Qe2 Qa4 24. Nc1 Nf8 25. b3 Qd7 26. Qa6 Ng6 27. Qe2 Re6
28. Qg4 Qf7 29. Ne2 Rf8 30. Ng3 Ne7 31. Nf1 Nf5 32. Kh1 Kh8 33. Rd1 Rg6 34. Qh5
Qf6 35. Re1 Nh4 36. Ng3 Bxg3 37. fxg3 Nf5 38. Bf4 c6 39. Rc3 Qxd4 40. Rec1 Qf2
41. R1c2 Qe1+ 42. Kh2 Nd4 43. Rc1 Qe2 44. Qxe2 Nxe2 45. Rxc6 Nxc1 46. Rxc1 d4
47. Rc7 Re6 48. Rxa7 e3 49. Rd7 h6 0-1

[Event "17. OIBM Bad Wiessee"]
[Site "Bad Wiessee"]
[Date "2013.10.28"]
[Round "4.26"]
[White "Meins, Gerlef"]
[Black "Kastek, Thomas"]
[Result "1-0"]
[WhiteElo "2448"]
[BlackElo "2169"]
[PlyCount "27"]
[EventDate "2013.??.??"]
[WhiteTeam "SAbt SV Werder Bremen"]
[BlackTeam "Hamburger SK von 1830 eV"]

1. Nf3 Nf6 2. c4 e6 3. g3 d5 4. Bg2 dxc4 5. Qa4+ Nbd7 6. Qxc4 c5 7. O-O a6 8.
Qc2 Bd6 9. d4 O-O 10. Nbd2 Qc7 11. Nc4 cxd4 12. Nxd4 Bc5 13. Bf4 Qd8 14. Nb3
1-0

[Event "17. OIBM Bad Wiessee"]
[Site "Bad Wiessee"]
[Date "2013.10.28"]
[Round "4.27"]
[White "Pezerovic, Edin"]
[Black "Graf, Christian"]
[Result "1-0"]
[WhiteElo "2439"]
[BlackElo "2165"]
[PlyCount "79"]
[EventDate "2013.??.??"]
[WhiteTeam "Münchener SC 1836 e.V."]
[BlackTeam "SU Ebersberg-Grafing"]

1. d4 d5 2. Nf3 Nf6 3. Bf4 c5 4. c3 cxd4 5. cxd4 Nc6 6. Nc3 Bf5 7. Qb3 Na5 8.
Qa4+ Bd7 9. Qc2 e6 10. e3 Rc8 11. Bd3 Be7 12. Ne5 O-O 13. O-O Nc4 14. Rfc1 g6
15. Qe2 Nd6 16. Rc2 Qb6 17. Rac1 Rfd8 18. Qf3 Nh5 19. Bh6 Bc6 20. g4 Ng7 21.
Na4 Qa5 22. Nc5 Be8 23. a3 b6 24. Na6 f6 25. Bxg7 Kxg7 26. Rc7 Rxc7 27. Rxc7
Nc8 28. Nc6 Bxc6 29. Rxc6 Bd6 30. Nc7 Kf7 31. Nb5 Bb8 32. Qd1 Ke7 33. b4 Qa6
34. Qc2 Qb7 35. Nc7 Kd7 36. Bb5 Nd6 37. Rxb6+ Nxb5 38. Rxb7 Nxc7 39. b5 Kc8 40.
Qc6 1-0

[Event "17. OIBM Bad Wiessee"]
[Site "Bad Wiessee"]
[Date "2013.10.28"]
[Round "4.28"]
[White "Morawietz, Dieter"]
[Black "Schäfer, Michael"]
[Result "0-1"]
[WhiteElo "2392"]
[BlackElo "2151"]
[PlyCount "116"]
[EventDate "2013.??.??"]
[WhiteTeam "Klub Kölner SF e.V. 1"]
[BlackTeam "FB Mörlenbach-Birkenau"]

1. e4 c5 2. Nf3 Nc6 3. d4 cxd4 4. Nxd4 Nf6 5. Nc3 d6 6. Bg5 e6 7. Qd2 Be7 8.
O-O-O O-O 9. f4 Nxd4 10. Qxd4 Qa5 11. Kb1 Rd8 12. Qd2 Qc7 13. Bd3 Bd7 14. f5 a6
15. Qe3 b5 16. Qh3 b4 17. Ne2 e5 18. g4 Bc6 19. Ng3 a5 20. Qg2 a4 21. Bxf6 gxf6
22. Bc4 Bb7 23. Qe2 Rdc8 24. b3 Ba6 25. Bxa6 Rxa6 26. Rd2 Rc6 27. bxa4 Qa7 28.
Nh5 h6 29. Re1 Qxa4 30. c4 bxc3 31. Rc2 Qa3 32. Ka1 Rb8 33. Rb1 Rxb1+ 34. Kxb1
Qb4+ 35. Ka1 Qd4 36. Qe1 Bd8 37. h3 Qd3 38. Qc1 Kh7 39. a3 Qxe4 40. Qb1 Qd4 41.
Qb3 d5 42. Ka2 Rc7 43. Qb4 Qxb4 44. axb4 d4 45. Kb3 Be7 46. Ng3 Rb7 47. Kc4
Rxb4+ 48. Kd3 Kg7 49. Ra2 Rb1 50. Ra7 Rd1+ 51. Kc2 Rd2+ 52. Kc1 d3 53. Nh5+ Kh7
54. Rxe7 Rg2 55. Kb1 c2+ 56. Kb2 Rg1 57. Rc7 Rb1+ 58. Ka2 Rb6 0-1

[Event "17. OIBM Bad Wiessee"]
[Site "Bad Wiessee"]
[Date "2013.10.28"]
[Round "4.29"]
[White "Kannenberg, Karl-Heinz"]
[Black "Lampert, Jonas"]
[Result "0-1"]
[WhiteElo "2192"]
[BlackElo "2376"]
[PlyCount "72"]
[EventDate "2013.??.??"]
[WhiteTeam "SC Kitzingen von 1905"]
[BlackTeam "HSK von 1830 eV"]

1. d4 d5 2. Nf3 Nf6 3. e3 c5 4. c3 e6 5. Bd3 Nc6 6. Nbd2 Bd6 7. O-O O-O 8. Qe2
Qc7 9. dxc5 Bxc5 10. e4 b6 11. h3 Nh5 12. Nb3 Ng3 13. Qc2 Nxf1 14. Nxc5 bxc5
15. exd5 exd5 16. Bxh7+ Kh8 17. Kxf1 f5 18. Bg6 Qd6 19. Nh4 Qh2 20. Qa4 Rf6 21.
Bxf5 Ba6+ 22. Qxa6 Qh1+ 23. Ke2 Nd4+ 24. cxd4 Rxa6 25. Rb1 Rxa2 26. Bd2 Re8+
27. Kf3 Qxb1 28. Bxb1 Rxb2 29. Bg6 Rf8+ 30. Bf4 cxd4 31. Bf5 Re8 32. Be5 Kg8
33. Bxd4 Rb4 34. Bg6 Rxd4 35. Bxe8 Rxh4 36. Ke3 Re4+ 0-1

[Event "17. OIBM Bad Wiessee"]
[Site "Bad Wiessee"]
[Date "2013.10.28"]
[Round "4.30"]
[White "Schötzig, Detlef"]
[Black "Faibisovich, Vadim"]
[Result "1/2-1/2"]
[WhiteElo "2165"]
[BlackElo "2344"]
[PlyCount "102"]
[EventDate "2013.??.??"]
[WhiteTeam "SAbt SV Werder Bremen"]

1. d4 Nf6 2. Nf3 e6 3. c4 d5 4. e3 Be7 5. Be2 O-O 6. O-O b6 7. Nc3 Bb7 8. Ne5
Nbd7 9. f4 Ne4 10. Nxe4 dxe4 11. Bd2 Nxe5 12. fxe5 c5 13. Bc3 Bg5 14. Qd2 f6
15. exf6 gxf6 16. Rae1 cxd4 17. Bxd4 e5 18. Bc3 Qxd2 19. Bxd2 Rad8 20. Bc1 f5
21. g3 Kg7 22. Rd1 Kg6 23. Rxd8 Rxd8 24. Rd1 Rxd1+ 25. Bxd1 Bc8 26. Kf2 Be6 27.
b3 Be7 28. Bb2 Bd6 29. Bc2 Kg5 30. Bc3 Bf7 31. h4+ Kf6 32. Bd1 h5 33. Be2 a5
34. Bd1 Bc5 35. Bc2 Ke6 36. Ke2 Bg6 37. Be1 f4 38. Bf2 Kf5 39. Bd1 fxe3 40.
Bxe3 Kg4 41. Kf2+ Kh3 42. Bxc5 bxc5 43. Ke3 Kxg3 44. Bxh5 Bf5 45. Bf7 Kxh4 46.
Bd5 Kg5 47. Bc6 Kf6 48. Bd5 Ke7 49. Bc6 Kd6 50. Bb7 Bg6 51. Bd5 Bf5 1/2-1/2

[Event "17. OIBM Bad Wiessee"]
[Site "Bad Wiessee"]
[Date "2013.10.28"]
[Round "4.31"]
[White "Buchal, Stephan"]
[Black "Hecht, Carsten"]
[Result "1-0"]
[WhiteElo "2312"]
[BlackElo "2078"]
[PlyCount "87"]
[EventDate "2013.??.??"]
[WhiteTeam "SA SV Werder Bremen"]
[BlackTeam "SK Blauer Springer Paderborn 192"]

1. c4 Nf6 2. g3 g6 3. Bg2 Bg7 4. Nc3 O-O 5. e4 d6 6. Nge2 e5 7. O-O Be6 8. d3
Qd7 9. f4 Bh3 10. f5 Bxg2 11. Kxg2 c6 12. Bg5 h6 13. Bxf6 Bxf6 14. Qd2 Kg7 15.
Rf3 Qe7 16. h4 g5 17. hxg5 Bxg5 18. Qc2 Nd7 19. Ng1 Nf6 20. Nh3 Rh8 21. Qe2 Rh7
22. Rh1 Rah8 23. Rff1 Kf8 24. Nxg5 hxg5 25. Qe3 Ng4 26. Qxa7 Rh2+ 27. Rxh2
Rxh2+ 28. Kf3 Qf6 29. Nd1 Qh6 30. Nf2 Nxf2 31. Rxf2 Rh1 32. Ke2 Qh5+ 33. Kd2
Rb1 34. Kc3 c5 35. Qb8+ Kg7 36. f6+ Kh7 37. Qf8 Rc1+ 38. Kb3 Qd1+ 39. Ka3 Rc3+
40. bxc3 Qc1+ 41. Ka4 Qd1+ 42. Ka5 b6+ 43. Kxb6 Qb1+ 44. Kc7 1-0

[Event "17. OIBM Bad Wiessee"]
[Site "Bad Wiessee"]
[Date "2013.10.28"]
[Round "4.32"]
[White "Maier, Alexander"]
[Black "Naalden, Marc"]
[Result "1-0"]
[WhiteElo "2311"]
[BlackElo "1990"]
[PlyCount "27"]
[EventDate "2013.??.??"]
[WhiteTeam "SK Ingolstadt"]
[BlackTeam "De Pion Roosendaal"]

1. e4 c5 2. Nf3 g6 3. d4 cxd4 4. Qxd4 Nf6 5. Bb5 Qa5+ 6. Qc3 Qxc3+ 7. Nxc3 a6
8. e5 axb5 9. exf6 e6 10. Nxb5 Na6 11. Bf4 Bb4+ 12. c3 Ba5 13. Nd6+ Kf8 14.
Bh6+ 1-0

[Event "17. OIBM Bad Wiessee"]
[Site "Bad Wiessee"]
[Date "2013.10.28"]
[Round "4.33"]
[White "Bianco, Valerio"]
[Black "Heimrath, Reiner"]
[Result "1-0"]
[WhiteElo "2157"]
[BlackElo "2266"]
[PlyCount "107"]
[EventDate "2013.??.??"]
[WhiteTeam "Assoc. Dilettantistica Scacchi G"]
[BlackTeam "SC NT Nürnberg 1873"]

1. d4 d6 2. c4 Nd7 3. Nc3 e5 4. Nf3 Ngf6 5. g3 c6 6. Bg2 Be7 7. O-O O-O 8. e4
Re8 9. h3 a6 10. d5 cxd5 11. cxd5 b5 12. Be3 Nb6 13. Nd2 Nfd7 14. b4 Bb7 15.
Qb3 Rc8 16. Rfc1 Bg5 17. Nd1 Bf6 18. h4 Rc7 19. Nb2 Qb8 20. Bf1 Bd8 21. a4 Rxc1
22. Rxc1 bxa4 23. Nxa4 f5 24. f3 f4 25. gxf4 exf4 26. Bxf4 Bxh4 27. Nc5 Ne5 28.
Ne6 Nbd7 29. Nc4 Bf6 30. Nxe5 Nxe5 31. Bh3 Bc8 32. Kg2 Qb5 33. Kg3 Qe2 34. Bf1
Bh4+ 35. Kxh4 Qf2+ 36. Kh3 g5 37. Bg3 Qg1 38. Qc2 Qh1+ 39. Qh2 Qxf3 40. Qf2
Qg4+ 41. Kh2 Qh5+ 42. Kg2 Bxe6 43. dxe6 Rf8 44. Qe2 g4 45. Bxe5 Qxe5 46. e7
Qxe7 47. Qxg4+ Kh8 48. Rc8 Rxc8 49. Qxc8+ Kg7 50. Qg4+ Kh6 51. Bxa6 Qf6 52. Be2
Qd4 53. b5 Qe3 54. Qh4+ 1-0

[Event "17. OIBM Bad Wiessee"]
[Site "Bad Wiessee"]
[Date "2013.10.28"]
[Round "4.34"]
[White "Marzano, Carlo"]
[Black "Semenova, Irina"]
[Result "1-0"]
[WhiteElo "2156"]
[BlackElo "2255"]
[PlyCount "65"]
[EventDate "2013.??.??"]

1. e4 e5 2. Nf3 Nc6 3. Bb5 a6 4. Ba4 d6 5. O-O Bd7 6. c3 g6 7. d4 Bg7 8. Re1
Qe7 9. d5 Nb8 10. c4 Nf6 11. Nc3 O-O 12. b4 Nh5 13. Rb1 Nf4 14. Be3 Bg4 15. h3
Bc8 16. c5 Nd7 17. c6 Nf6 18. Qc2 b6 19. Kh2 h6 20. Bb3 g5 21. Ng1 g4 22. g3
Nxh3 23. Nxh3 gxh3 24. f3 Nh7 25. g4 Qf6 26. Qf2 Kh8 27. Ne2 h5 28. gxh5 Ng5
29. Rf1 Bh6 30. Ng3 Kh7 31. f4 exf4 32. Bxf4 Rg8 33. Rbe1 {Rest unleserlich}
1-0

[Event "17. OIBM Bad Wiessee"]
[Site "Bad Wiessee"]
[Date "2013.10.28"]
[Round "4.36"]
[White "Mosblech, Michael"]
[Black "Esipenko, Andrey"]
[Result "0-1"]
[WhiteElo "1923"]
[BlackElo "2248"]
[PlyCount "94"]
[EventDate "2013.??.??"]
[WhiteTeam "SK Sülz-Klettenberg"]

1. Nc3 c5 2. e4 d6 3. f4 Nc6 4. Nf3 g6 5. a3 Bh6 6. d3 Bg7 7. g3 Nf6 8. Bg2 O-O
9. O-O Rb8 10. h3 b5 11. Qe2 Nd4 12. Qf2 Nxf3+ 13. Qxf3 Nd7 14. Be3 a5 15. a4
b4 16. Nd1 Ba6 17. Re1 Nb6 18. Bf1 Qd7 19. Qf2 Nxa4 20. Rb1 Nb6 21. Kh2 Bb7 22.
Bg2 Bc6 23. b3 Nc8 24. d4 cxd4 25. Bxd4 Bxd4 26. Qxd4 Na7 27. Ne3 Nb5 28. Qd3
Na3 29. Rbd1 Qa7 30. f5 Rbd8 31. c4 Qc5 32. Nd5 Bxd5 33. exd5 Rd7 34. Rd2 a4
35. Be4 Kg7 36. Rf1 Rdd8 37. Qf3 axb3 38. f6+ exf6 39. Qxf6+ Kg8 40. Rdf2 Qxc4
41. Rf4 Qc3 42. Qe7 Qe5 43. Qb7 Rb8 44. Qa7 f5 45. Bxf5 gxf5 46. Rxf5 Rxf5 47.
Qxb8+ Kg7 0-1

[Event "17. OIBM Bad Wiessee"]
[Site "Bad Wiessee"]
[Date "2013.10.28"]
[Round "4.37"]
[White "König, Christian"]
[Black "Postny, Evgeny"]
[Result "0-1"]
[WhiteElo "2123"]
[BlackElo "2631"]
[PlyCount "88"]
[EventDate "2013.??.??"]
[WhiteTeam "SF Lohmar 1974 e.V."]
[BlackTeam "SC Eppingen"]

1. e4 e5 2. Nf3 Nc6 3. Bb5 a6 4. Ba4 Nf6 5. O-O Be7 6. Re1 b5 7. Bb3 d6 8. c3
O-O 9. h3 Nb8 10. d4 Nbd7 11. Nbd2 Bb7 12. Bc2 Re8 13. Nf1 Bf8 14. Ng3 g6 15.
b3 c5 16. dxe5 dxe5 17. Bg5 h6 18. Bd2 Qc7 19. Qc1 Kh7 20. Nh2 c4 21. b4 a5 22.
a3 Ra6 23. Ng4 Nxg4 24. hxg4 Rea8 25. Rb1 axb4 26. axb4 Qd8 27. Nf1 Nf6 28. g5
Ng8 29. gxh6 Bxh6 30. Bxh6 Nxh6 31. Rd1 Qh4 32. f3 Ra3 33. Qd2 Qf4 34. Qe1 Ng8
35. Rd7 Bc6 36. Rd6 R8a6 37. Rbd1 Nf6 38. Ng3 Ra2 39. Bb1 Rb2 40. Nf1 Nh5 41.
R1d2 Rb3 42. Rd1 Qg5 43. Bc2 Nf4 44. Ne3 Rxc3 0-1

[Event "17. OIBM Bad Wiessee"]
[Site "Bad Wiessee"]
[Date "2013.10.28"]
[Round "4.38"]
[White "Khenkin, Igor"]
[Black "Weber, Bernhard"]
[Result "1-0"]
[WhiteElo "2609"]
[BlackElo "2119"]
[PlyCount "85"]
[EventDate "2013.??.??"]
[WhiteTeam "Wiesbadener SV 1885"]
[BlackTeam "Lübecker SV von 1873"]

1. d4 d5 2. c4 e6 3. Nc3 Nf6 4. cxd5 exd5 5. Bg5 Be7 6. e3 c6 7. Bd3 Nbd7 8. h3
Nf8 9. Nf3 Ne6 10. Bh4 g6 11. O-O O-O 12. Rb1 a5 13. a3 Ng7 14. b4 axb4 15.
axb4 Bf5 16. b5 Ra3 17. Bxf5 Nxf5 18. Bxf6 Bxf6 19. Qc1 Qa5 20. Ne2 cxb5 21.
Qc5 b4 22. Qxb4 Qxb4 23. Rxb4 Nd6 24. Nf4 Ra5 25. Nd2 Rd8 26. Nb3 Rb5 27. Rxb5
Nxb5 28. Rc1 Bg5 29. Rc5 Bxf4 30. Rxb5 Bd6 31. Kf1 Rb8 32. Rxd5 Be7 33. Rb5 Kf8
34. Na5 b6 35. Nc6 Rb7 36. e4 f6 37. f4 Ke8 38. e5 Kd7 39. d5 g5 40. e6+ Ke8
41. fxg5 fxg5 42. Nd4 Bc5 43. Nf5 1-0

[Event "17. OIBM Bad Wiessee"]
[Site "Bad Wiessee"]
[Date "2013.10.28"]
[Round "4.39"]
[White "Weichelt, Jens"]
[Black "Bogner, Sebastian"]
[Result "0-1"]
[WhiteElo "2122"]
[BlackElo "2552"]
[PlyCount "64"]
[EventDate "2013.??.??"]
[WhiteTeam "SK Rochade Augsburg"]
[BlackTeam "SC Eppingen"]

1. d4 Nf6 2. c4 g6 3. Nc3 c5 4. d5 Bg7 5. e4 O-O 6. Bd3 e6 7. Nge2 d6 8. O-O
Na6 9. Bg5 h6 10. Bh4 g5 11. Bg3 Nh5 12. f4 exd5 13. exd5 f5 14. fxg5 hxg5 15.
Nb5 f4 16. Nec3 Nf6 17. Bf2 Nb4 18. Bg6 a6 19. Na3 Ng4 20. Nab1 Ne5 21. Be4 Bg4
22. Qb3 b5 23. Nd2 Rb8 24. cxb5 axb5 25. a3 Nbd3 26. Bxd3 Nxd3 27. Be1 Qe7 28.
Nde4 b4 29. axb4 cxb4 30. Nb5 Qxe4 31. Nxd6 Qe3+ 32. Kh1 Nf2+ 0-1

[Event "17. OIBM Bad Wiessee"]
[Site "Bad Wiessee"]
[Date "2013.10.28"]
[Round "4.40"]
[White "Pfadenhauer, Johannes"]
[Black "Mons, Leon"]
[Result "0-1"]
[WhiteElo "2028"]
[BlackElo "2432"]
[PlyCount "78"]
[EventDate "2013.??.??"]
[WhiteTeam "TSV Bindlach Aktionär-Schachabte"]
[BlackTeam "SC Forchheim e.V."]

1. d4 Nf6 2. Nf3 e6 3. g3 d5 4. c4 dxc4 5. Bg2 Nc6 6. O-O Rb8 7. a4 a6 8. Na3
b5 9. e4 Be7 10. Qe2 O-O 11. Rd1 Nb4 12. Ne5 c5 13. dxc5 Qc7 14. Bf4 g5 15.
Bxg5 Qxe5 16. Bf4 Qxc5 17. Bxb8 e5 18. Qe3 Qxe3 19. fxe3 Nd3 20. Rxd3 cxd3 21.
Bxe5 b4 22. Nc4 Be6 23. Nd2 Rc8 24. Rd1 Rc2 25. h3 Nd7 26. Bd4 Nc5 27. Bf1 a5
28. Nf3 Nxa4 29. Bxd3 Rxb2 30. Rc1 Nc3 31. Bxc3 bxc3 32. Rxc3 a4 33. Nd4 a3 34.
Rc1 Bg5 35. Nc2 a2 36. Kf2 Bb3 37. Kf3 Bxc2 38. Bc4 Rb1 39. Rxc2 a1=Q 0-1

[Event "17. OIBM Bad Wiessee"]
[Site "Bad Wiessee"]
[Date "2013.10.28"]
[Round "4.42"]
[White "Moor, Oliver"]
[Black "Frey, Alisa"]
[Result "1-0"]
[WhiteElo "2391"]
[BlackElo "2106"]
[PlyCount "73"]
[EventDate "2013.??.??"]
[BlackTeam "SC Eppingen"]

1. d4 Nf6 2. c4 g6 3. d5 d6 4. Nc3 Bg7 5. e4 O-O 6. Bd3 e6 7. Nf3 exd5 8. cxd5
Re8 9. O-O h6 10. Re1 Bg4 11. h3 Bxf3 12. Qxf3 Nbd7 13. Bc2 Nb6 14. Rd1 Nfd7
15. Rb1 a5 16. Be3 Qe7 17. Bd4 Ne5 18. Qg3 Nbc4 19. f4 Nd7 20. Bxg7 Kxg7 21.
Nb5 Nf6 22. Qc3 c6 23. dxc6 bxc6 24. Nd4 d5 25. e5 Nh5 26. Qf3 Kh7 27. Qxh5 Ne3
28. Qe2 Nxd1 29. Rxd1 c5 30. Nf3 Red8 31. f5 d4 32. Bd3 Rab8 33. Rd2 Rb6 34.
Qe4 Qb7 35. Qh4 Re8 36. Ng5+ Kg7 37. f6+ 1-0

[Event "17. OIBM Bad Wiessee"]
[Site "Bad Wiessee"]
[Date "2013.10.28"]
[Round "4.43"]
[White "Braun, Christian"]
[Black "Wiest, Leonhard"]
[Result "0-1"]
[WhiteElo "2367"]
[BlackElo "2105"]
[PlyCount "93"]
[EventDate "2013.??.??"]
[WhiteTeam "DJK Aufwärts St. Josef Aachen 19"]
[BlackTeam "SF Dachau 1932 e.V."]

1. e4 e6 2. d3 d5 3. Nd2 a5 4. Ngf3 a4 5. g3 dxe4 6. dxe4 Bc5 7. Bg2 e5 8. O-O
Nc6 9. Nc4 Qxd1 10. Rxd1 f6 11. Be3 Be7 12. Bf1 g5 13. h4 g4 14. Ne1 h5 15. c3
Nh6 16. Bxh6 Rxh6 17. Ne3 Bd6 18. Bb5 a3 19. b4 Kf7 20. N1c2 Ne7 21. Bd3 Be6
22. Bc4 f5 23. exf5 Bxc4 24. Nxc4 Nxf5 25. N4xa3 Rf6 26. Nc4 Kg6 27. Nd2 Be7
28. a4 Rd6 29. Kf1 Rd3 30. Ne4 Rxd1+ 31. Rxd1 Rxa4 32. Ke2 Ra2 33. Kd3 Nd6 34.
Rd2 Ra8 35. Nxd6 Bxd6 36. Ne3 Kf6 37. Ke4 Ke6 38. Nc4 Ra1 39. Ne3 Ra8 40. Re2
Rd8 41. Ra2 Bxb4 42. Rc2 Bxc3 43. Nf5 Ba5 44. Rc5 Bb6 45. Rxe5+ Kf6 46. Rb5 Rd2
47. Ne3 0-1

[Event "17. OIBM Bad Wiessee"]
[Site "Bad Wiessee"]
[Date "2013.10.28"]
[Round "4.44"]
[White "Deglmann, Ludwig"]
[Black "Bäuml, Ulrich"]
[Result "1-0"]
[WhiteElo "2351"]
[BlackElo "2103"]
[PlyCount "95"]
[EventDate "2013.??.??"]
[WhiteTeam "SK Weilheim"]
[BlackTeam "SC Dillingen"]

1. d4 e6 2. c4 Nf6 3. Nc3 Bb4 4. e3 Bxc3+ 5. bxc3 b6 6. Bd3 Bb7 7. Ne2 O-O 8.
O-O c5 9. f3 d5 10. cxd5 exd5 11. g4 Re8 12. Re1 Nbd7 13. Ng3 h6 14. a4 Nf8 15.
Ra2 a6 16. Nf5 Bc6 17. Rg2 Qd7 18. Bc2 cxd4 19. cxd4 b5 20. axb5 axb5 21. g5
hxg5 22. Rxg5 g6 23. Bd2 N8h7 24. Rg2 Kh8 25. Ng3 Qd6 26. Qb1 Ng5 27. Rf1 Nfh7
28. f4 Nh3+ 29. Kh1 Bd7 30. e4 dxe4 31. Bxe4 Bc6 32. Bxc6 Qxc6 33. Qb3 Qc4 34.
Qxc4 bxc4 35. Bc3 Re3 36. Rc2 Kg8 37. Kg2 Nf6 38. Kxh3 Nd5 39. Bd2 Rd3 40. f5
c3 41. Bc1 Ra1 42. Rcf2 gxf5 43. Rxf5 Rxd4 44. Rg5+ Kh8 45. Be3 Rdd1 46. Rxd5
Rxf1 47. Nxf1 Rxf1 48. Kg2 1-0